1101 1128 1939 1834 1170 1678 1933 1702 1168 1923 1558 1722 1204 1050 1812 1500 1961 1416 1647 1114 1691 1623 1491 1714 1487 1191 1028 1003 1998 1313 1288 1724 1442 1147 1389 1907 1053 1704 1855 1203 1053 1386 1307 1314 1444 1115 1440 1981 1979 1972 1389 1448 1407 1987 1569 1602 1585 1704 1378 1197 1646 1554 1151 1969 1663 1497 1818 1494 1096 1486 1671 1288 1076 1148 1010 1276 1659 1743 1365 1939 1653 1079 1380 1696 1054 1142 1269 1982 1423 1801 1475 1090 1907 1943 1546 1299 1317 1669 1952 BCNSPRNW ULIB Ver.6.0+V

เปลี่ยนเป็นภาษาไทย

Change to English
 แสดงรายละเอียดบรรณานุกรม
  กลับหน้าหลัก

Brief Record : Get Marc (ISO 2709) : E-mail record : QR code < ปิดหน้าต่าง
LEADER : 00000nam 2200000uu 4500
001    13399114471
003     ULIB
008    120404s2552||||th 000 0 tha d
020    ^a9786119002845
090    ^aนว.^bส655H 2552
100 0  ^aสายลมหนาว
245 00 ^aHelp me My Heart สะกิดรักสลับหัวใจ 1/^cสายลมหนาว
250    ^aพิมพ์ครั้งที่ 1
260    ^aกรุงเทพฯ :^bCHEEZE^c2552
300    ^a171 หน้า
710 1  ^aCHEEZE
945    ^p148^l0^i15947
995    ^aกัณชพร
999    ^aใช้งานได้ทุกระบบ
รายการนี้ยังไม่มีแท็ก
คุณยังไม่ได้ล็อกอิน คุณสามารถมีกิจกรรมร่วมกับเว็บไซต์ได้ แต่ต้องล็อกอินก่อน ::
  ล็อกอิน

รายการสื่อสารสนเทศ

ลำดับที่ ประเภท เลขเรียก/บาร์โค้ด สถานที่ สถานะ
1. นวนิยาย
นวนิยาย
นว. ส655H 2552  
  Barcode: 15947
ห้องสมุดวิทยาเขตสวรรค์ประชารักษ์
►นวนิยาย
บนชั้น
  ขอยืม

รายการใกล้เคียง
    ผู้แต่ง [สายลมหนาว]

BibComment


ยังไม่เคยถูกคอมเมนท์

คอมเมนท์ทรัพยากรรายการนี้
  คอมเมนท์: Help me My Heart..


 Copyright 2026. Bcnsprnw @Library